00450nam a22001337a 4500008004100000020001500041050002100056100002900077245006900106260005800175300004000233650002200273700002100295151026b xxu||||| |||| 00| 0 eng d a9966463852 aJQ 872 .D47 1995 aProf. Oyugi, W. O.d1995 aThe Democratic Theory and Practice In Africa cProf. W. O. Oyugi aNairobi:bEast African Educational Publishers,c1995. avi, 208p.: bIncludes Index,c21cm. aAfrican Democracy aDr. Gitonga, A.